Mito e ideología /

Se aborda el discurso mítico, todavía presente en la cultura contemporánea, como un hecho ideológico, mismo que permite comprender la necesidad de modificar una estructura social basada en unas relaciones de producción irracionales. Además se analiza el mito como un fenómeno social y de comunicación...

Mô tả đầy đủ

Đã lưu trong:
Chi tiết về thư mục
Tác giả chính: Paramio, Ludolfo (autor)
Định dạng: Sách
Ngôn ngữ:Tiếng Tây Ban Nha
Được phát hành: Madrid, España : Alberto Corazón, 1971, c1971
Loạt:(Comunicación Alberto Corazón. Serie B ; 15)
Những chủ đề:
Các nhãn: Thêm thẻ
Không có thẻ, Là người đầu tiên thẻ bản ghi này!

MARC

LEADER 00000nam^a2200000^a^4500
001 000172551
005 20250521000000.0
009 20260310101422.691
037 |a Acervo ITESO - Biblioteca 
041 |a ESP 
082 |a 306. 4  |b PAR 
100 |a Paramio, Ludolfo  |e (autor) 
245 1 0 |a Mito e ideología /  |c L. Paramio. 
264 4 |a Madrid, España :  |b Alberto Corazón,  |c 1971, c1971 
300 |a 111 p. 
336 |a texto  |b txt  |2 rdacontenido 
337 |a sin mediación  |b n  |2 rdamedio 
338 |a volumen  |b nc  |2 rdasoporte 
440 1 |a (Comunicación Alberto Corazón.  |p Serie B ;  |v 15) 
520 |a Se aborda el discurso mítico, todavía presente en la cultura contemporánea, como un hecho ideológico, mismo que permite comprender la necesidad de modificar una estructura social basada en unas relaciones de producción irracionales. Además se analiza el mito como un fenómeno social y de comunicación. Contenido: Estructura semiológica del mito; Mito y realidad; Mitagogía y mitopoyesis; La Actitud Mitagógica; Mitagogía e ideología. 
649 |a XX 
650 |a Mitología 
650 |a Ideología 
650 |a Semiótica 
650 |a Sociolingüística 
650 |a Sociología de la Comunicación 
650 |a Sociología de la Cultura 
910 |a Fondo Armando Suárez Gómez 
920 |a Impresos - Libros 
930 |a Fondos Especiales 
905 |a 111 
901 |a 0700003693  |b IT2  |c ESP  |u 20250521 
902 |a https://opac.biblio.iteso.mx/vufind/Record/000172551